000 01080nam a2200289 a 4500
001 73810
003 BD-RjUL
005 20211209082441.0
008 170612r19861971nyua b 001 0 eng d
035 _a(BD-RjUL)74028
040 _aDLC
_cDLC
_dDLC
_dBD-RjUL
_beng
041 _aeng
082 0 0 _a621.3815
_223
_bMII 1986
100 1 _aMillman, Jacob
_d1911-
_9218550
245 1 0 _aIntegrated electronics :
_banalog and digital circuits and systems /
_cJacob Millman and Christos C. Halkias.
250 _aInt. Student ed.
260 _aNew York :
_bMcGraw-Hill,
_cc1971 [Printing 1998]
300 _axix, 911 p. :
_bill. ;
_c24 cm.
490 0 _aMcGraw-Hill electrical and electronic engineering series
504 _aIncludes bibliographical references and index.
650 0 _aIntegrated circuits.
_9218551
650 0 _aDigital electronics.
_9218552
650 0 _aElectronic analog computers
_xCircuits.
_9218553
700 1 _aHalkias, Christos C.,
_ejoint author.
_9218554
830 _aMcGraw-Hill electrical and electronic engineering series
_9218828
942 _2ddc
_cBK
999 _c73810
_d73810